000 00572nam a2200217Ia 4500
003 OSt
005 20220928145506.0
006 a|||||r|||| 00| 0
007 ta
008 220927b |||||||| |||| 00| 0 eng d
024 _a80981
037 _cTextual
040 _aSDCL
_cSDCL
_beng
041 _2eng
_aeng
082 _aO-,3N:g(S:56), N1
100 _aClayton John J
_9513213
245 0 _aGestures of healing
_b Anxiety and the modern novel
260 _c1991
942 _hO-,3N:g(S:56), N1
_cTEXL
_2CC
999 _c833860
_d833860